El Pinciano y las teorías literarias del Siglo de Oro /

Guardado en:
Detalles Bibliográficos
Autor principal: Shepard, Sanford (autor)
Formato: Libro
Idioma:Español
Publicado: Madrid, España : Gredos, 1962, c1962
Colección:(Biblioteca Románica Hispánica. Estudios y Ensayos ; 58)
Temas:
Etiquetas: Agrega una etiqueta
Sin etiquetas, Sé el primero en etiquetar este registro!

MARC

LEADER 00000nam^a2200000^a^4500
001 000158764
005 20250521000000.0
009 20260310100624.266
037 |a Acervo ITESO - Biblioteca 
041 |a ESP 
082 |a 809. 001  |b SHE 
100 |a Shepard, Sanford  |e (autor) 
245 1 3 |a El Pinciano y las teorías literarias del Siglo de Oro /  |c S. Shepard. 
264 4 |a Madrid, España :  |b Gredos,  |c 1962, c1962 
300 |a 227 p. 
336 |a texto  |b txt  |2 rdacontenido 
337 |a sin mediación  |b n  |2 rdamedio 
338 |a volumen  |b nc  |2 rdasoporte 
440 1 |a (Biblioteca Románica Hispánica.  |p Estudios y Ensayos ;  |v 58) 
649 |a XX 
650 |a Retórica 
650 |a Literatura -  |x Teoría -  |x Historia y Crítica 
650 |a Literatura Española -  |y Epoca Clásica, 1500-1700 
650 |a Literatura Española -  |x Historia y Crítica 
650 |a López Pinciano, Alonso 
910 |a Fondo Salvador Reynoso Reynoso 
920 |a Impresos - Libros 
930 |a Fondos Especiales 
940 |a Literatura 
905 |a 112 
901 |a 0500090217  |b IT2  |c ESP  |u 20250521 
902 |a https://opac.biblio.iteso.mx/vufind/Record/000158764